000 00429nam a2200145Ia 4500
008 220217s9999||||xx |||||||||||||| ||und||
020 _a81-203-2035-2
082 _a005.13 ZEL
100 _aPratt, Terrence, W Zelkowitz, Marvin, V
245 0 _aProgramming languages: design and implementation
250 _a4th
260 _aPrentice hall of india
_bNew Delhi
_c2002
300 _b195
650 _aPROGRAMMING LANGUAGE
999 _c172466
_d172466